000 00292nam a2200121Ia 4500
008 220204s9999 xx 000 0 und d
082 _a547
_bNOL
100 _aCarl R
245 0 _aChemistry of organic compounds
250 _aEd.3
260 _aPhiladelphia
_bW B Saunders
_c1966
942 _cBK
999 _c24963
_d24963